Consumos problemáticos de sustancias psicoactivas y subjetividad(es) : (Registro nro. 5208)

Detalles MARC
000 -CABECERA
campo de control de longitud fija 00458nam a2200145 4500
003 - IDENTIFICADOR DEL NÚMERO DE CONTROL
campo de control AR-RoIUNI
005 - FECHA Y HORA DE LA ÚLTIMA TRANSACCIÓN
campo de control 20210412131854.0
008 - DATOS DE LONGITUD FIJA--INFORMACIÓN GENERAL
campo de control de longitud fija 210412b xxu||||| |||| 00| 0 spa d
040 ## - FUENTE DE LA CATALOGACIÓN
Centro/agencia transcriptor AR-RoIUNI
080 ## - NÚMERO DE LA CLASIFICACIÓN DECIMAL UNIVERSAL
Número de la Clasificación Decimal Universal 159.9
100 ## - ENTRADA PRINCIPAL--NOMBRE DE PERSONA
Nombre de persona Demarchi, Julieta
245 ## - MENCIÓN DE TÍTULO
Título Consumos problemáticos de sustancias psicoactivas y subjetividad(es) :
Resto del título la clinica posible acerca de una problemática social /
Mención de responsabilidad, etc. julieta Demarchi
650 ## - PUNTO DE ACCESO ADICIONAL DE MATERIA--TÉRMINO DE MATERIA
Término de materia o nombre geográfico como elemento inicial Psicología
9 (RLIN) 108
942 ## - ELEMENTOS DE PUNTO DE ACCESO ADICIONAL (KOHA)
Fuente del sistema de clasificación o colocación Clasificación Decimal Universal
Tipo de ítem Koha Libros
Existencias
Estado de retiro Estado de pérdida Fuente del sistema de clasificación o colocación Estado dañado Restricciones de uso Excepción de préstamo Código de colección Localización permanente Ubicación/localización actual Ubicación en estantería Fecha de adquisición Fuente de adquisición Número de inventario Total de préstamos Signatura topográfica completa Código de barras Fecha visto por última vez Precio válido a partir de Tipo de ítem Koha Nota pública
    Clasificación Decimal Universal   Consulta en biblioteca No sale TIFO BIBLIOTECA RIOBAMBA BIBLIOTECA RIOBAMBA BIBLIOTECA RIOBAMBA 12/04/2021 Donación 6855   159.9 DEM 6855 12/04/2021 12/04/2021 TIFO 2020